Wildlife on your Doorstep

Αποθηκεύτηκε σε:
Λεπτομέρειες βιβλιογραφικής εγγραφής
Κύριος συγγραφέας: Gibbons, Robert
Μορφή: Βιβλίο
Γλώσσα:Αγγλικά
Έκδοση: London, England, United Kingdom The Reader's Digest Association Limited 1986
Σειρά:The Living Countryside
Θέματα:
Ετικέτες: Προσθήκη ετικέτας
Δεν υπάρχουν, Καταχωρήστε ετικέτα πρώτοι!

MARC

LEADER 00000cam a2200000 a 4500
001 UCF5690
003 CL-VaPUC
005 20250227153705.0
008 130322e19860000UK |||||||||||||||||eng|d
999 |c 351148  |d 351146 
040 |c Pontificia Universidad Católica de Valparaíso 
082 0 4 |a 591.941 GIB 1986  |2 21 
100 |a Gibbons, Robert  |9 567669 
245 1 0 |a Wildlife on your Doorstep 
260 0 3 |a London, England, United Kingdom  |b The Reader's Digest Association Limited  |c 1986 
300 |a 192 páginas 
490 0 |a The Living Countryside 
583 |a last modification  |c 20130322 12:27:00  |k Rodrigo Vera 
650 0 |a Vida silvestre  |9 446913 
650 0 |a Flora y fauna  |9 338564 
650 7 |a ECOSISTEMA  |2 CL-VaPUC  |9 347937 
650 7 |a BIOGEOGRAFIA  |2 CL-VaPUC  |9 347934 
942 |c BK  |2 ddc 
945 |d 20130322 00:00:00  |a dcastane 
952 |0 0  |1 0  |2 ddc  |4 0  |6 591_941000000000000_GIB_1986  |7 0  |8 A  |9 455106  |a BIBCUR  |b BIBCUR  |d 2019-11-22  |i 4949811  |o 591.941 GIB 1986  |p 4949811  |r 2025-04-22  |t 1  |w 2019-11-22  |y BK  |k BIO